• 首页
  • 本馆介绍
  • 公告通知
  • 最新文献
  • 馆藏检索
  • 电子资源
  • 读者导购
  • 参考咨询
  • 我的图书馆
  • 登录
  • 详细信息显示
  • 放入我的书架
  • 预约/预借图书
  • 作者相关作品
  • 分类相关作品
  • 丛书相关作品
  • 出版社相关作品

书目信息

  • 表格格式
  • 工作单格式
  • 卡片格式
题名:
农地使用权流转模式选择及创新研究
    
 
作者: 苟军年 著
分册:  
出版信息: 北京   法律出版社  2014
页数: 292页
开本: 23cm
丛书名: 浙江财经大学法学文库
单 册:
中图分类: F321.1
科图分类:
主题词: 农业用地--Nong Ye Yong Di--土地使用权--土地流转--研究--中国
电子资源:
ISBN: 978-7-5118-6599-1
000 01119nam0 22002651 450
001 0101082450
005 20161202082743.76
010    @a978-7-5118-6599-1@dCNY46.00
100    @a20140929d2014 emky0chiy50 ea
101 0  @achi
102    @aCN@b110000
105    @ay z 000yy
106    @ar
200 1  @a农地使用权流转模式选择及创新研究@ANong Di Shi Yong Quan Liu Zhuai Mo Shi Xuan Ze Ji Chuang Xin Yan Jiu@f苟军年著
210    @a北京@c法律出版社@d2014
215    @a292页@d23cm
225 2  @a浙江财经大学法学文库@AZhe Jiang Cai Jing Da Xue Fa Xue Wen Ku
300    @a2012年度教育部人文社会科学研究规划基金项目 “农村土地流转若干法律问题研究”成果
330    @a本书内容包括导论、我国农地流转制度的发展问题、我国农地使用权发展及流转概况、土地承包经营权流转制度的发展与协调、农村宅基地流转法律制度研究、农村集体建设用地使用权流转制度研究,共六章。
461  0 @12001 @a浙江财经大学法学文库
606 0  @a农业用地@ANong Ye Yong Di@x土地使用权@x土地流转@x研究@y中国
690    @aF321.1@v5
701  0 @a苟军年@AGou Jun Nian@f(1960~)@4著
801  0 @aCN@bTANGWEI@c20161128
905    @b0951627-31@dF321.1@e171@f5
    
    农地使用权流转模式选择及创新研究/苟军年著.-北京:法律出版社,2014
    292页;23cm.-(浙江财经大学法学文库)
    2012年度教育部人文社会科学研究规划基金项目 “农村土地流转若干法律问题研究”成果
    
    ISBN 978-7-5118-6599-1:CNY46.00
    本书内容包括导论、我国农地流转制度的发展问题、我国农地使用权发展及流转概况、土地承包经营权流转制度的发展与协调、农村宅基地流转法律制度研究、农村集体建设用地使用权流转制度研究,共六章。
●
相关链接 在E读中查询图书 在五车中查询图书 在当当中查询图书 在豆瓣中查询图书


正题名:农地使用权流转模式选择及创新研究     索取号:F321.1/171         预约/预借

序号 登录号 条形码 馆藏地/架位号 状态 备注
1 0951627   209516273   第一样本阅览室/ [索取号:F321.1/171] 在馆    
2 0951628   209516282   第一借阅区/ [索取号:F321.1/171] 在馆    
3 0951629   209516291   第一借阅区/ [索取号:F321.1/171] 在馆    
4 0951630   209516308   第一借阅区/ [索取号:F321.1/171] 在馆    
5 0951631   209516317   第一借阅区/ [索取号:F321.1/171] 在馆    
唐山师范学院图书馆 欢迎您!
大连网信软件有限公司© 版权所有